Handbook of phycological methods : (Record no. 2585)

MARC details
000 -LEADER
fixed length control field 01292cam a2200337 4500
001 - CONTROL NUMBER
control field 3142807
005 - DATE AND TIME OF LATEST TRANSACTION
control field 20150305100006.0
006 - FIXED-LENGTH DATA ELEMENTS--ADDITIONAL MATERIAL CHARACTERISTICS--GENERAL INFORMATION
fixed length control field 000
007 - PHYSICAL DESCRIPTION FIXED FIELD--GENERAL INFORMATION
fixed length control field 000
008 - FIXED-LENGTH DATA ELEMENTS--GENERAL INFORMATION
fixed length control field 000
010 ## - LIBRARY OF CONGRESS CONTROL NUMBER
LC control number 73079496
015 ## - NATIONAL BIBLIOGRAPHY NUMBER
National bibliography number GB***
020 ## - INTERNATIONAL STANDARD BOOK NUMBER
International Standard Book Number 0521200490 (v. 1)
International Standard Book Number 0521218551 (v. 2)
International Standard Book Number 0521224667 (v. 3)
International Standard Book Number 0521249155 (v. 4)
040 ## - CATALOGING SOURCE
Original cataloging agency UOEL
Transcribing agency DLC
Modifying agency DLC
050 00 - LIBRARY OF CONGRESS CALL NUMBER
Classification number QK565.2
Item number .H36
082 00 - DEWEY DECIMAL CLASSIFICATION NUMBER
Classification number 589.3/028
245 00 - TITLE STATEMENT
Title Handbook of phycological methods :
Statement of responsibility, etc Sponsored by the Phycological Society of America Inc.
260 ## - PUBLICATION, DISTRIBUTION, ETC. (IMPRINT)
Place of publication, distribution, etc Cambridge [Eng.]
Name of publisher, distributor, etc University Press,
Date of publication, distribution, etc 1973-1985.
300 ## - PHYSICAL DESCRIPTION
Extent 4 v.
Other physical details illus.
Dimensions 23 cm.
500 ## - GENERAL NOTE
General note Vol. 2-4 published by Cambridge University Press, Cambridge, New York.
504 ## - BIBLIOGRAPHY, ETC. NOTE
Bibliography, etc Includes bibliographies and indexes.
505 0# - FORMATTED CONTENTS NOTE
Formatted contents note [1] Culture methods and growth measurements, edited by J.R. Stein.--[2] Physiological and biochemical methods, edited by J.A. Hellebust and J.S. Craigie.--[3] Developmental and cytological methods, edited by E. Gantt.--[4] Ecological field methods, edited by Mark M. Littler and Diane S. Littler.
650 #0 - SUBJECT ADDED ENTRY--TOPICAL TERM
Topical term or geographic name as entry element Algology
General subdivision Methodology.
700 2# - ADDED ENTRY--PERSONAL NAME
Personal name Stein-Taylor, Janet R.
710 2# - ADDED ENTRY--CORPORATE NAME
Corporate name or jurisdiction name as entry element Phycological Society of America.
906 ## - LOCAL DATA ELEMENT F, LDF (RLIN)
a 7
b cbc
c orignew
d 2
e opcn
f 19
g y-gencatlg
942 ## - ADDED ENTRY ELEMENTS (KOHA)
Source of classification or shelving scheme Library of Congress Classification
Item type Loan - Normal on open shelf
Holdings
Withdrawn status Lost status Source of classification or shelving scheme Damaged status Not for loan Home library Current library Shelving location Date acquired Total Checkouts Full call number Barcode Date last seen Copy number Price effective from Koha item type
    Library of Congress Classification     UOE Main Library UOE Main Library Open shelf 05/03/2015   QK565.2 .H36 10018044 27/04/2026 10018044 05/03/2015 Loan - Normal on open shelf
    Library of Congress Classification     UOE Main Library UOE Main Library Open shelf 05/03/2015   QK565.2 .H36 10054035 27/04/2026 10054035 05/03/2015 Loan - Normal on open shelf
    Library of Congress Classification     UOE Main Library UOE Main Library Open shelf 05/03/2015   QK565.2 .H36 10018043 27/04/2026 10018043 05/03/2015 Loan - Normal on open shelf
    Library of Congress Classification     UOE Main Library UOE Main Library Open shelf 05/03/2015   QK565.2 .H36 10054036 27/04/2026 10054036 05/03/2015 Loan - Normal on open shelf
    Library of Congress Classification     UOE Main Library UOE Main Library Open shelf 05/03/2015   QK565.2 .H36 10018152 27/04/2026 10018152 05/03/2015 Loan - Normal on open shelf
    Library of Congress Classification     UOE Main Library UOE Main Library Open shelf 05/03/2015   QK565.2 .H36 10018151 27/04/2026 10018151 05/03/2015 Loan - Normal on open shelf